00627 2200229 4500001002100000005001700021008004100038035002400079040001100103082000800114090001500122100002300137245006000160260004000220300002600260650001500286850001200301990002100313990002100334990002100355990002100376YOGYA-0209000007151120090227093543.0 ind  0010-020900000071511 aYPDDIY a153 a153bFel M aFELICIANUS, Julius aMengukur IQ untuk mahasiswa dan umumcJulius Felicianus aYogyakartabPustaka Widyatamac2006 a67 hlm.bilusc24 cm. aKecerdasan aYOPDYOG a33448-PD/A.08b1 a33447-PD/A.08b1 a33446-PD/A.08b1 a33445-PD/A.08b1